000 00840nam a2200265 i 4500
001 000031755
003 DO-SdBNP
005 20251201095050.0
007 ta
008 110701s19uu dr c 000 0 spa d
040 _aDO-SdBNP
_bspa
_cBNPHU
_erda
041 _aspa
082 _axxx
_bM971m
_222
100 1 _aMuñoz Marte, Emilio Antonio
_eautor
_929462
245 1 0 _aMemorandum :
_bprosas poéticas /
_cEmilio Antonio Muñoz Marte.
264 _a[Monseñor Nouel] :
_b[Editora desconocida],
_c[fecha desconocida]
300 _a50 páginas : ;
_cretratos. ;
_c22 cm.
336 _ardacontent
_btexto
_2txt
337 _ardamedia
_bsin mediación
_2n
338 _ardacarrier
_bvolumen
_2nc
590 _aLa biblioteca posee un ejemplar autografiado por el autor.
590 _aInventariado, 2025/DG
910 _aDG
942 _2ddc
_cLF2
999 _c31247
_d31247